000
00291nam a2200121Ia 4500
008
220216s9999 xx 000 0 und d
100
_a
Soman T A
245
0
_a
Rubberinoru naveena nadeel reethi
260
_b
Rubber Mithram
_c
2008
300
_a
17-23
700
_a
Varghese Y A
942
_c
JS
999
_c
68229
_d
68229